Centrum zdravia - Jarovce

Salvato in:
Dettagli Bibliografici
Autore principale: Jantáková, Soňa (Autore)
Altri autori: Vráblová, Edita (Relatore della tesi)
Natura: Manoscritto Libro
Lingua:slovacco
Pubblicazione: 2024
Soggetti:
Accesso online:http://is.stuba.sk/zp/portal_zp.pl?podrobnosti=161741
Tags: Aggiungi Tag
Nessun Tag, puoi essere il primo ad aggiungerne!!

MARC

LEADER 00000ntm a22000003a 4500
001 stuzp98540
003 SK-STU
005 20240615211014.8
007 ta
008 150427s2015----xo-----f-mn---000-0-slo-d
040 |a STU  |b slo 
041 0 |a slo 
100 1 |a Jantáková, Soňa  |u 051110  |4 aut  |U FAD Fakulta architektúry a dizajnu  |T FAD Ústav architektúry obytných budov  |X 110012  |U A1110  |Y 392  |7 110012 
242 0 1 |a Health Centre - Jarovce  |y eng 
245 1 0 |a Centrum zdravia - Jarovce 
260 |c 2024 
650 4 |a Pediatrická ambulancia  |2 slo 
650 4 |a Čitáreň s predajňou náučnej literatúry  |2 slo 
650 4 |a Lekáreň  |2 slo 
650 4 |a Centrum zdravia  |2 slo 
650 4 |a Mestská časť Jarovce  |2 slo 
650 4 |a Ambulancia všeobecného lekára  |2 slo 
650 4 |a Reading Room with a shop offering educational literature on healthy nutrition  |2 eng 
650 4 |a Pediatric Clinic  |2 eng 
650 4 |a Pharmacy  |2 eng 
650 4 |a Health Center  |2 eng 
650 4 |a Jarovce  |2 eng 
650 4 |a General Practitioner Clinic  |2 eng 
700 1 |a Vráblová, Edita  |u 051110  |k Z1  |4 ths  |U FAD Fakulta architektúry a dizajnu  |T FAD Ústav architektúry obytných budov  |X 4851  |U A1110  |Y 392  |7 A000004851 
856 4 |u http://is.stuba.sk/zp/portal_zp.pl?podrobnosti=161741